Score 0/25 Timer 06:00
0 Plays Today
% Correct
And villains don't get happy endings
96.4%
WHY ARE YOU WEARING THAT?!?!
93.1%
If it is the last thing i do
92.7%
Comes with a price, dearie.
92.7%
No, but according to Henry i'm yours.
92.4%
And no-one wants to believe in magic.
92%
Is me
91.6%
A price i'm willing to pay
90.9%
Because that dinner would suck
90.9%
I will always find you.
90.5%
If it can be broken, it means it still works
90.5%
It will not be because of trickery. It will be because you want me
90.5%
Fake, outdated, stolen from a Victoria secrets catalogue.
90.2%
% Correct
Yup, and your going to fix them.
89.5%
You want people to look at you differently? Make them. You wanna change things your gonna have to go out there and change them yourself because there are no fairy god mothers in this world.
89.1%
Perhaps your the one who couldn't handle it.
86.9%
Cheesy and doesn't lie.
86.5%
Hook?
86.5%
My Milah. To believe i could find someone else, that is until i met you.
86.2%
I prefer dashing rapscallion
85.5%
Perms are bad?
84.7%
They only fool themselves into believing they can.
84.7%
When you're not yelling at me
84.4%
Your move
78.2%
Well i'm all out of fish food.
78.2%
Remove Ads.
Support Sporcle.
Get the best of Sporcle when you Go Orange. This ad-free experience offers more features, more stats, and more fun while also helping to support Sporcle. Thank you for becoming a member.

You're not logged in!

Compare scores with friends on all Sporcle quizzes.
OR
Log In

You Might Also Like...

Show Comments

Extras

Created Sep 26, 2019ReportNominate
Tags:Once Upon a Time

Top Quizzes Today


Score Distribution

Your Account Isn't Verified!

In order to create a playlist on Sporcle, you need to verify the email address you used during registration. Go to your Sporcle Settings to finish the process.

Report this User

Report this user for behavior that violates our Community Guidelines.

Details: